| 000 | 00433 a2200145 4500 | ||
|---|---|---|---|
| 005 | 20250410134713.0 | ||
| 020 | _a978-0-85708-425-5 | ||
| 082 | _a650.1 YEU | ||
| 100 | _aYEUNG, R. | ||
| 245 | _aHow to Stand Out: Proven Tactics for Getting Noticed | ||
| 260 |
_aLondon, _bA Wiley Brand, _c2015. |
||
| 300 |
_avii, 227p.: ill.; table. _bIndex. _c23cm. |
||
| 856 |
_yAccess online book _fHow to Stand Out _dwww.Wiley.com |
||
| 942 |
_2ddc _cBKS |
||
| 999 |
_c1270 _d1270 |
||